01005cam a2200277 a 450000100060000000300080000600500170001400800410003103500150007203500350008704000360012204100080015808200220016609000260018810000270021424500180024125000190025926000510027830000200032965000390034983000320038894200120042099900170043295201380044995201400058722155BD-RjUL20211209000755.0140306s1962 enk 000 0 eng d a0416628907 a(OCoLC)710070a(BD-RjUL) 22220 aOUNdm.cdBD-RjULbengcBD-RjUL aeng a822.91bBEH 1962 aPR6003.E417bH6 1962x1 aBehan, Brendan.96396414aThe hostage / a[3d ed., rev.] aLondon :b Methuen and Co Ltd.,c1958 [c1962]. a109 p. ;c19 cm aEnglish drama Irish authors968386 0aMethuen modern plays968390 2ddccBK c22155d22155 00102ddc40708FICaRUCLbRUCLcStackd1964-03-09eZeitlingerg5.00l0o822.91 BEH 1962r2014-03-06 00:00:00tC-2w2014-03-06yBK 00102ddc40718FICaRUCLbRUCLcReadingd1964-03-10eZeitlingerg12.60l0o822.91 BEH 1962r2025-02-04 00:00:00tC-1w2025-02-04yBK